| 000 | 01114cab a22002175a 4500 | ||
|---|---|---|---|
| 001 | L157529 | ||
| 008 | 130110e2012 xxk 000 0 eng d | ||
| 035 | _a(Sirsi) u157529 | ||
| 041 | 0 | _aeng | |
| 110 | 2 |
_aUnited Kingdom _bDepartment for Environment Food and Rural Affairs |
|
| 245 | 0 | 0 |
_aNew technology to protect homes from flooding _h[electronic resource] |
| 260 | _c2012 | ||
| 490 |
_aDEFRA News Release _v28 December 2012 |
||
| 520 | _aThree winners share £200 000 of DEFRA funding to develop technology to tackle climate change and flooding. The businesses developed innovative technology to address flooding and the effects of climate change in local communities. The competition winners were; Flood Brick from Fluvial Innovations, Papa Rainwater Harvesting System from Papa Ltd and Catchment Scale approach from AECOM. | ||
| 590 | _aKA | ||
| 651 | 4 | _aUnited Kingdom | |
| 690 |
_aEnvironment _96238 |
||
| 690 |
_aSustainability _96271 |
||
| 856 | 4 | 0 |
_uhttps://www.gov.uk/government/news/new-technology-to-protect-homes-from-flooding/ _zView the news release free of charge at www.gov.uk |
| 942 | _n0 | ||
| 999 |
_c84408 _d84408 |
||